000 00372 a2200169 4500
001 189306
020 _a978-85-64158-22-1
040 _cMagnum
100 _aBou-Habib, Aisha Couto
240 1 0 _aO admirador secreto
_lpor
245 1 0 _aO admirador secreto
300 _a28
362 0 _a2012
440 1 _aAsa de Papel
697 _aLITERATURA INFANTO
942 _cBK
999 _c189306
_d189306